000 02561cam a2200289 4500500
005 20260329014251.0
041 _afre
042 _adc
100 1 0 _aBock, Michel
_eauthor
245 0 0 _aLe rapport des groulxistes au politique
260 _c2015.
500 _a87
520 _aCet article propose une analyse du rapport de l’abbé Lionel Groulx au politique pendant la période de l’entre-deux-guerres. En subordonnant son nationalisme au catholicisme, qu’il refusa toujours d’instrumentaliser à des fins politiques, Groulx développa une idéologie traditionaliste et providentialiste qui accordait peu de place à la question du régime ou aux réformes institutionnelles, et le tenait largement à l’écart de l’influence maurrassiste. Le groulxisme, qui envisageait toutefois sous certains angles la création d’un « État français » indépendant, n’en contenait pas moins une certaine part d’ambiguïté vis-à-vis du politique. La tension dialectique grandissante entre les questions nationale et religieuse dans le champ intellectuel canadien français compte parmi les facteurs à l’origine de la Révolution tranquille des années 1960 au Québec.
520 _aGroulxism and PoliticsThis article offers an analysis of Lionel Groulx’s relationship to politics during the interwar years. By subordinating his nationalism to Catholicism, which he consistently refused to instrumentalise for political purposes, Groulx developed a traditionalist and providentialist ideology that paid little attention to questions of the regime or institutional reform. This in turn left Groulx relatively shielded from the influence of Maurrassism. Groulxism did contain, however, a measure of ambiguity toward the political inasmuch as it envisioned, to some extent, the creation of an independent “French State”. The growing dialectical tension between the national and religious issues within the realm of French Canadian ideology was one of the main causes behind Quebec’s Quiet Revolution in the 1960s.
690 _aabbé Lionel Groulx
690 _acatholicisme
690 _agroulxisme
690 _anationalisme
690 _atraditionalisme
690 _aCatholicism
690 _aGroulxism
690 _aLionel Groulx
690 _anationalism
690 _atraditionalism
786 0 _nVingtième Siècle. Revue d'histoire | 129 | 1 | 2015-12-17 | p. 27-42 | 0294-1759
856 4 1 _uhttps://shs.cairn.info/revue-vingtieme-siecle-revue-d-histoire-2016-1-page-27?lang=fr&redirect-ssocas=7080
999 _c1887682
_d1887682